Sports Quiz

Random Sports Quiz

Liverpool League Cup XI v Stoke 2011 Quiz Stats

 Plays Quiz not verified by Sporcle

Challenge
Share
Tweet
Score 0/11 Timer 01:00
0 Plays Today
POSITION PLAYER NAME % Correct
GKPepe Reina
91.4%
FORLuis Suarez
80.7%
DEFJamie Carragher
79.5%
MIDLucas Leiva
69.7%
DEFDaniel Agger
68.4%
MIDJordan Henderson
49.2%
FORAndy Carroll
46.3%
DEFMartin Kelly
32.8%
MIDMaxi Rodriguez
29.5%
MIDJay Spearing
21.3%
DEFSebastian Coates
13.5%

You're not logged in!

Compare scores with friends on all Sporcle quizzes.
OR
Log In

You Might Also Like...

Show Comments

Extras

Top Quizzes Today


Score Distribution

Your Account Isn't Verified!

In order to create a playlist on Sporcle, you need to verify the email address you used during registration. Go to your Sporcle Settings to finish the process.

Report this User

Report this user for behavior that violates our Community Guidelines.

Details: